000 00346nam a2200121Ia 4500
008 220217s9999||||xx |||||||||||||| ||und||
082 _a621.385 1 JAL
100 _aJalnekar, R.M Chitode, J.S
_91191
245 0 _aNetwork analysis and synthesis
260 _aTechnical publications
_bPune
_c1999
300 _b295
650 _aNETWORK ANALYSIS
999 _c165991
_d165991